MacBook all-in-one for dummies

Gespeichert in:
Bibliographische Detailangaben
1. Verfasser:  Chambers, Mark L
Format: Sách
Sprache:Undetermined
Veröffentlicht:  John wiley & Sons, Inc  2012
Schlagworte:
Tags: Tag hinzufügen
Keine Tags, Fügen Sie den ersten Tag hinzu!
Thư viện lưu trữ: Trung tâm Thư viện - Trường Đại học Công nghiệp TP. Hồ Chí Minh
LEADER 00488nam a2200157Ia 4500
001 UIH_04498
008 231011s9999 xx 000 0 und d
082 |a  004.165 
100 |a  Chambers, Mark L 
245 0 |a  MacBook all-in-one for dummies 
245 0 |c  Chambers, Mark L 
260 |b  John wiley & Sons, Inc 
260 |c  2012 
650 |a  MacBook (Máy tính);  
927 |a Sách 
980 |a Trung tâm Thư viện - Trường Đại học Công nghiệp TP. Hồ Chí Minh